000 01277nam a2200361 i 4500
001 13631
003 KOSZ 005
005 20220912090446.0
008 070608s1971 pl a f f 000 0 pol
015 _aPB 1971/5667
040 _aWA N
_cWA N
_dKOSZ 005/RW
080 _a37(438)
080 _a338.5
100 1 _aPodoski, Kazimierz
_d(1923-1995).
_eAutor
245 1 0 _aKoszty i efekty kształcenia w Polsce /
_cKazimierz Podoski, Bohdan Piasecki.
260 _aWarszawa :
_bPaństwowe Wydawnictwo Ekonomiczne,
_c1971.
300 _a299, [1] stron :
_bilustracje, mapy ;
_c18 cm.
336 _aTekst
_btxt
_2rdacontent
337 _aBez urządzenia pośredniczącego
_bn
_2rdamedia
338 _aWolumin
_bnc
_2rdacarrier
380 _aKsiążki.
504 _aBibliografia na stronach [286]-299.
650 4 _aNauczanie
650 4 _aKoszty
650 4 _aEfektywność nauczania
650 4 _aSzkolnictwo
651 4 _aPolska
658 _aEdukacja i pedagogika
700 1 _aPiasecki, Bohdan
_d(1924-2000).
_eAutor
710 2 _aPaństwowe Wydawnictwo Ekonomiczne
_4pbl.
856 _uhttp://koha.tu.koszalin.pl/cgi-bin/koha/opac-detail.pl?biblionumber=13631
_yKatalog online BPK
942 _2UKD
_cKS
999 _c13631
_d13631